Les chansons qui se mangent ! - Statistiques

Statistiques générales
  • Ce quiz a été pris 99 fois
  • Le résultat moyen est 17 sur 40
Statistiques - réponses
Indices Interprètes Chansons % Correct
Fruit Lio {Banana} split
90%
Friandise Olivia Ruiz La femme {chocolat}
89%
Fruit Dalida Marchand de {fruits}
83%
Dessert Bourvil Salade de {fruits}
83%
Confiserie Renaud {Mistral} gagnant
81%
Fruit Michel Fugain Les {cerises} de Monsieur Clément
75%
Fruit JB Clément Le temps des {cerises}
75%
Fruit Salvatore Adamo {Pomme} et Cie
75%
Viande Juliette Tout est bon dans l'{cochon}
72%
Confiserie Richard Gotainer L'amour c'est du {bonbon}
69%
Boisson Serge Gainsbourg Couleur {café}
68%
Confiserie France Gall Les {Sucettes}
67%
Fruit Gilbert Bécaud L'{Orange}
64%
Légume Les Charlots {Chou} farci
55%
Viande Les Charlots Paulette, la reine des {paupiettes}
53%
Condiment Nino Ferrer Les {Cornichons}
49%
Herbe Dranem Tu sens la {menthe}
45%
Plat Bob Azzam Fais moi du {couscous} chérie
44%
Ovoïde Pierre Perret Quoi de plus sympa qu'un {oeuf}?
41%
Confiserie Jacques Brel Les {Bonbons}
40%
Fruits Edmond Tanière Les {Tomates}
38%
Légume Yves Montand Cornet de {frites}
36%
Marseille Fernandel La {Bouillabaisse}
35%
Viande Maxime Le Forestier Le {steak}
33%
Fruit Sacha Distel {Pommes, poires} et Scoubidous
30%
Dessert Joe Dassin Le {petit pain au chocolat}
27%
Pâtisserie Catherine Deneuve Recette du {cake} d'amour
27%
Boisson Charles Trenet Débit de {lait}, débit de l'eau
25%
Légume Bourvil Les {haricots}
25%
Pâtisserie Bourvil Elle vendait des petits {gâteaux}
23%
Dessert Frères Jacques La {Confiture}
17%
Pâtes Les Charlots Les {Nouilles}
17%
Viande Frères Jacques L'{Entrecôte}
15%
Fruit Charles Trenet Une {noix}
11%
Légume Julien Clerc {Petit pois} lardons
10%
Plat Bérurier noir J'aime pas la {soupe}
8%
Légume Milton Les {Artichauts}
7%
Plat Fatal Bazooka Saturday nigth {kebab}
6%
Viande Orphéon Juste un beau {gigot}
5%
Dessert Michel Jonasz Le {chausson aux pommes}
1%
Aucun quiz correspondant
Distribution des résultats
% des personnes avec chaque résultat
Percentile par nombre de réponses
Votre historique - résultats
Vous n’avez pas pris ce quiz